Anales del Instituto de Chile: Vol XXX

Gorde:
Xehetasun bibliografikoak
Egile nagusia: Quezada Sepúlveda, Alvaro (Egilea)
Formatua: Liburua
Hizkuntza:gaztelania
Argitaratua: Santiago Instituto de Chile 2011
Saila:Estudios: La política en Chile, 2
Gaiak:
Etiketak: Etiketa erantsi
Etiketarik gabe, Izan zaitez lehena erregistro honi etiketa jartzen!

MARC

LEADER 00000cam a2200000 a 4500
001 UCG9779
003 CL-VaPUC
008 120330e20110000CL |||||||||||||||||spa|d
082 0 4 |a 347.83012  |b QUE  |2 21 
100 0 |a Quezada Sepúlveda, Alvaro  |e author  |9 561461 
245 1 0 |a Anales del Instituto de Chile: Vol XXX 
300 |a 318 p 
942 |c BK 
945 |d 20120330 00:00:00  |a dcastane 
260 |a Santiago  |b Instituto de Chile  |c 2011 
650 0 |a Derecho constitucional   |9 222588 
650 0 |a Poder judicial  |9 254871 
650 0 |a Poder político  |9 255509 
583 |a last modification  |c 20120330 10:33:00  |k Rodrigo Vera 
490 0 |a Estudios: La política en Chile, 2 
999 |c 347322  |d 347320 
952 |0 0  |1 0  |4 0  |6 347_830120000000000_QUE_2011  |7 0  |8 A  |9 448577  |a FDOPOS  |b FDOPOS  |d 2019-11-22  |i 485361K  |o 347.83012 QUE 2011  |p 485361K  |r 2025-01-22  |w 2019-11-22  |y BK  |k DLA